[Event "Harrogate 4NCL op-B 31st"]
[Site "Harrogate"]
[Date "2024.01.20"]
[Round "2"]
[White "Mulleady, Peter J"]
[Black "Jones, Neil T"]
[Result "1/2-1/2"]
[WhiteElo "1945"]
[BlackElo "1824"]
[PlyCount "97"]
[EventDate "2024.01.19"]
[EventType "swiss"]
[EventRounds "5"]
[EventCountry "ENG"]
[SourceTitle "CB06_2024"]
[SourceDate "2024.02.07"]
[SourceVersion "1"]
[SourceVersionDate "2024.02.07"]
[SourceQuality "1"]

1. e4 c6 2. d4 d5 3. exd5 cxd5 4. Nf3 Nf6 5. Ne5 Nc6 6. Bb5 Bd7 7. Nxd7 Qxd7 8. c3 e6 9. 0-0 Bd6 10. Nd2 a6 11. Bd3 0-0 12. Re1 e5 13. dxe5 Nxe5 14. Nf3 Nxd3 15. Qxd3 h6 16. h3 Rfe8 17. Be3 Rad8 18. Rad1 Qc7 19. Qf5 Qd7 20. Qb1 Qc8 21. Qc1 Qf5 22. Qb1 Qxb1 23. Rxb1 Bc7 24. Kf1 Nh5 25. Rbd1 Re6 26. Rd2 Bf4 27. Bxf4 Rxe1+ 28. Nxe1 Nxf4 29. Nc2 Ne6 30. g3 h5 31. h4 g6 32. f3 Kg7 33. Kf2 Kf6 34. Nd4 Rd6 35. Ke2 Ke7 36. Kd3 Kd7 37. Re2 Rb6 38. Nb3 Kd6 39. Kc2 Rc6 40. Rd2 b6 41. Kd1 Rc4 42. Rd3 Nc5 43. Re3 Ne6 44. Rd3 Nc5 45. Rd2 Ne6 46. Ke2 a5 47. a3 a4 48. Nd4 Nxd4+ 49. cxd4 1/2-1/2

[Event "Harrogate 4NCL op-B 29th"]
[Site "Harrogate"]
[Date "2023.01.21"]
[Round "3"]
[White "Webster, Vivien"]
[Black "Jones, Neil T"]
[Result "1-0"]
[WhiteElo "1754"]
[BlackElo "1844"]
[PlyCount "43"]
[EventDate "2023.01.20"]
[EventType "swiss"]
[EventRounds "5"]
[EventCountry "ENG"]
[SourceTitle "CBM 212 Extra"]
[Source "ChessBase"]
[SourceDate "2023.03.31"]
[SourceVersion "1"]
[SourceVersionDate "2023.03.31"]
[SourceQuality "1"]

1. e4 c6 2. Nf3 d5 3. e5 Bg4 4. h3 Bxf3 5. Qxf3 e6 6. d4 Ne7 7. Bd3 Ng6 8. Bxg6 hxg6 9. Nc3 Nd7 10. Be3 c5 11. 0-0-0 a6 12. Nxd5 exd5 13. Qxd5 Qc7 14. e6 0-0-0 15. exd7+ Rxd7 16. Qf3 cxd4 17. Rxd4 Rxd4 18. Bxd4 Rh4 19. Rd1 f6 20. g3 Rh5 21. Qg4+ Kb8 22. Qxg6 1-0

[Event "Harrogate 4NCL op-B 29th"]
[Site "Harrogate"]
[Date "2023.01.20"]
[Round "1"]
[White "Baxter, Martin"]
[Black "Jones, Neil T"]
[Result "1/2-1/2"]
[WhiteElo "1707"]
[BlackElo "1844"]
[PlyCount "97"]
[EventDate "2023.01.20"]
[EventType "swiss"]
[EventRounds "5"]
[EventCountry "ENG"]
[SourceTitle "CBM 212 Extra"]
[Source "ChessBase"]
[SourceDate "2023.03.31"]
[SourceVersion "1"]
[SourceVersionDate "2023.03.31"]
[SourceQuality "1"]

1. e4 c6 2. Nf3 d5 3. Nc3 Bg4 4. h3 Bxf3 5. Qxf3 e6 6. Be2 Nf6 7. e5 Nfd7 8. d4 c5 9. dxc5 Bxc5 10. Qg3 Kf8 11. Bg5 Be7 12. Bxe7+ Qxe7 13. 0-0 Nc6 14. f4 g6 15. Rad1 a6 16. a3 Rc8 17. Qf2 h5 18. g4 hxg4 19. Bxg4 Rd8 20. Kg2 b5 21. Rfe1 Qc5 22. Qd2 Ne7 23. b4 Qc6 24. Ne2 Rc8 25. Nd4 Qb6 26. Nf3 Nf5 27. Bxf5 gxf5 28. Nd4 Ke7 29. Kh2 Rh5 30. Rg1 Rch8 31. Rg3 Nf8 32. Qc3 Kd7 33. Rdd3 Ng6 34. Rdf3 Rc8 35. Qd2 Rc4 36. c3 Qd8 37. Qe3 Ke7 38. Qe2 Kf8 39. Rxg6 Rxd4 40. cxd4 fxg6 41. Qc2 Qh4 42. Qc8+ Kg7 43. Qxe6 Qe1 44. Qf6+ Kh7 45. Rg3 Qf2+ 46. Rg2 Qxf4+ 47. Kg1 Qc1+ 48. Kh2 Qf4+ 49. Kg1 1/2-1/2

[Event "Harrogate 4NCL op 24th"]
[Site "Harrogate"]
[Date "2020.01.17"]
[Round "1"]
[White "Jones, Neil T"]
[Black "O'Gorman, Brendan"]
[Result "1/2-1/2"]
[WhiteElo "1806"]
[BlackElo "1632"]
[PlyCount "70"]
[EventDate "2020.01.17"]
[EventType "swiss"]
[EventRounds "5"]
[EventCountry "ENG"]
[SourceTitle "CBM 195 Extra"]
[Source "ChessBase"]
[SourceDate "2020.05.31"]
[SourceVersion "1"]
[SourceVersionDate "2020.05.31"]
[SourceQuality "1"]

1. e4 c5 2. Nf3 e6 3. d4 cxd4 4. Nxd4 Nf6 5. Nc3 Nc6 6. Nxc6 bxc6 7. e5 Nd5 8. Ne4 Qc7 9. f4 Qb6 10. c4 Bb4+ 11. Ke2 Ba6 12. Kf3 f5 13. exf6 Nxf6 14. Be3 Qc7 15. Nxf6+ gxf6 16. Bd3 Kf7 17. Kf2 h5 18. Be2 h4 19. Qa4 Qb7 20. a3 Be7 21. b4 Rag8 22. Rhg1 Qc8 23. Rad1 d5 24. cxd5 Bxe2 25. dxe6+ Qxe6 26. Kxe2 Rd8 27. Qc2 Bd6 28. Kf2 Qg4 29. Qc4+ Kg7 30. Qe4 Rhe8 31. Qf3 Qe6 32. f5 Qa2+ 33. Kf1 Qc4+ 34. Qe2 Qe4 35. Qh5 Qxe3 1/2-1/2

[Event "BCF-chT3N 1920 (4NCL)"]
[Site "England"]
[Date "2020.01.12"]
[Round "4.55"]
[White "Jones, Neil T"]
[Black "Harman, George"]
[Result "1-0"]
[WhiteElo "1802"]
[BlackElo "1840"]
[PlyCount "101"]
[EventDate "2019.11.09"]
[EventType "team-swiss"]
[EventRounds "11"]
[EventCountry "ENG"]
[SourceTitle "EXT 2022"]
[Source "ChessBase"]
[SourceDate "2021.10.06"]
[SourceVersion "1"]
[SourceVersionDate "2021.10.06"]
[SourceQuality "1"]
[WhiteTeam "Manchester Manticores III"]
[BlackTeam "Bolton & Worsley"]
[WhiteTeamCountry "ENG"]
[BlackTeamCountry "ENG"]

1. e4 c5 2. Nf3 Nc6 3. d4 cxd4 4. Nxd4 g6 5. c4 Bg7 6. Be3 Nf6 7. Nc3 0-0 8. Be2 d6 9. 0-0 Bd7 10. Rc1 a6 11. b3 h5 12. f3 Kh7 13. Nxc6 Bxc6 14. Qd2 Rh8 15. b4 h4 16. Rfd1 Bd7 17. c5 dxc5 18. e5 cxb4 19. exf6 bxc3 20. Qxd7 Bxf6 21. Qxb7 Qa5 22. Qb3 Kg7 23. Bd4 Bxd4+ 24. Rxd4 Rac8 25. Rc4 Qe5 26. Qxc3 Qxc3 27. R1xc3 Rxc4 28. Rxc4 Rd8 29. Ra4 Rd2 30. Kf2 g5 31. Rxa6 f6 32. a4 Ra2 33. a5 Kf7 34. Ra7 Ke6 35. a6 Kd6 36. Rb7 e6 37. Rf7 Ke5 38. Rd7 f5 39. Ke1 Kf4 40. Bb5 e5 41. a7 Ke3 42. Kd1 Kf2 43. Rd2+ Rxd2+ 44. Kxd2 Kxg2 45. a8Q Kxh2 46. Qc8 h3 47. Qxf5 Kg2 48. Bd7 h2 49. Qxg5+ Kf1 50. Bh3+ Kf2 51. Qg2# 1-0

[Event "BCF-chT3N 1920 (4NCL)"]
[Site "England"]
[Date "2020.01.11"]
[Round "3.25"]
[White "Baxter, Harold"]
[Black "Jones, Neil T"]
[Result "0-1"]
[WhiteElo "1861"]
[BlackElo "1802"]
[PlyCount "126"]
[EventDate "2019.11.09"]
[EventType "team-swiss"]
[EventRounds "11"]
[EventCountry "ENG"]
[SourceTitle "EXT 2022"]
[Source "ChessBase"]
[SourceDate "2021.10.06"]
[SourceVersion "1"]
[SourceVersionDate "2021.10.06"]
[SourceQuality "1"]
[WhiteTeam "Bradford DCA Knights"]
[BlackTeam "Manchester Manticores III"]
[WhiteTeamCountry "ENG"]
[BlackTeamCountry "ENG"]

1. Nf3 d5 2. g3 Nf6 3. Bg2 Bf5 4. d4 e6 5. 0-0 Be7 6. c4 0-0 7. Nc3 c6 8. Ne5 Nbd7 9. Qb3 Qc8 10. Nxd7 Qxd7 11. cxd5 exd5 12. Bf4 Nh5 13. Be3 Nf6 14. a4 a5 15. Bf4 Bd6 16. Bxd6 Qxd6 17. Qa3 Qb4 18. Rfd1 Rfe8 19. Rd2 Qb6 20. e3 Rad8 21. Rc1 Re6 22. Ne2 Ne4 23. Bxe4 Bxe4 24. Rc5 Qc7 25. b4 axb4 26. Qxb4 b6 27. Rc1 Qa7 28. Rb2 Rh6 29. f4 Qd7 30. Qe1 Qg4 31. Qf2 Bd3 32. Nc3 Re6 33. Rxb6 h5 34. a5 Ra8 35. a6 Rxa6 36. Rxa6 Bxa6 37. Ra1 Bc4 38. Ra8+ Kh7 39. Ra7 Qf5 40. Qd2 h4 41. Ra1 Qg4 42. Qc2+ g6 43. Kf2 Kg7 44. Qd1 Qh3 45. Qg1 Re7 46. Rb1 Ra7 47. Qg2 Qf5 48. Kf3 Bd3 49. Rb2 Ra3 50. Qd2 hxg3 51. hxg3 Ra1 52. Qh2 Be4+ 53. Nxe4 dxe4+ 54. Kg2 Qg4 55. Rf2 Re1 56. Qh4 Qd1 57. Qe7 Rg1+ 58. Kh3 Rh1+ 59. Rh2 Qf1+ 60. Kg4 Rxh2 61. Qe5+ Kh7 62. Qe8 Qh3+ 63. Kg5 Qf5# 0-1

[Event "BCF-chT3N 1718 (4NCL)"]
[Site "England"]
[Date "2018.05.06"]
[Round "10.66"]
[White "Jones, Neil T"]
[Black "Pardoe, David"]
[Result "1-0"]
[WhiteElo "1783"]
[BlackElo "1725"]
[PlyCount "35"]
[EventDate "2017.11.11"]
[EventType "team-swiss"]
[EventRounds "11"]
[EventCountry "ENG"]
[SourceTitle "EXT 2020"]
[Source "ChessBase"]
[SourceDate "2019.10.17"]
[SourceVersion "1"]
[SourceVersionDate "2019.10.17"]
[SourceQuality "1"]
[WhiteTeam "Manchester Manticores II"]
[BlackTeam "Manchester Manticores III"]
[WhiteTeamCountry "ENG"]
[BlackTeamCountry "ENG"]

1. e4 d5 2. exd5 Qxd5 3. Nc3 Qa5 4. d4 c6 5. Nf3 Bf5 6. Ne5 Nf6 7. Bf4 e6 8. Bd3 Bg6 9. Qe2 Bb4 10. Bd2 Qc7 11. 0-0 Bxd3 12. Qxd3 Nbd7 13. Rae1 Nb6 14. Nb5 cxb5 15. Qxb5+ Nfd7 16. Bxb4 Qxc2 17. Nxd7 Nxd7 18. Qg5 1-0

[Event "BCF-chT3N 1718 (4NCL)"]
[Site "England"]
[Date "2018.01.13"]
[Round "3.73"]
[White "Jones, Neil T"]
[Black "Flynn, David"]
[Result "1/2-1/2"]
[WhiteElo "1783"]
[BlackElo "1864"]
[PlyCount "38"]
[EventDate "2017.11.11"]
[EventType "team-swiss"]
[EventRounds "11"]
[EventCountry "ENG"]
[SourceTitle "EXT 2020"]
[Source "ChessBase"]
[SourceDate "2019.10.17"]
[SourceVersion "1"]
[SourceVersionDate "2019.10.17"]
[SourceQuality "1"]
[WhiteTeam "Manchester Manticores III"]
[BlackTeam "Ashfield Breadsall II"]
[WhiteTeamCountry "ENG"]
[BlackTeamCountry "ENG"]

1. d4 Nf6 2. c4 g6 3. Nc3 d5 4. Nf3 Bg7 5. Bf4 0-0 6. e3 c5 7. dxc5 Qa5 8. Qb3 Ne4 9. Be5 Bxe5 10. Nxe5 Nxc3 11. Qxc3 Qxc3+ 12. bxc3 dxc4 13. Bxc4 Nd7 14. Nxd7 Bxd7 15. Bd5 Rac8 16. Bxb7 Rxc5 17. 0-0 Rb8 18. Rab1 Rxc3 19. Bd5 Rxb1 1/2-1/2

[Event "GBR-ch U1900 op 104th"]
[Site "Llandudno"]
[Date "2017.08.04"]
[Round "5"]
[White "Jazdzewski, Daniel"]
[Black "Jones, Neil T"]
[Result "0-1"]
[WhiteElo "1808"]
[BlackElo "1788"]
[PlyCount "90"]
[EventDate "2017.07.31"]
[EventType "swiss"]
[EventRounds "5"]
[EventCountry "WLS"]
[SourceTitle "EXT 2019"]
[Source "ChessBase"]
[SourceDate "2018.10.10"]
[SourceVersion "1"]
[SourceVersionDate "2018.10.10"]
[SourceQuality "1"]

1. Nf3 d5 2. d3 Nf6 3. Nbd2 e6 4. e4 c5 5. g3 Nc6 6. Bg2 dxe4 7. dxe4 e5 8. 0-0 Be7 9. b3 0-0 10. Bb2 Bg4 11. h3 Bxf3 12. Bxf3 Qc7 13. c3 Rad8 14. Qe2 Qd7 15. Rad1 Qxh3 16. Qb5 Qc8 17. Nc4 a6 18. Qb6 Nd7 19. Rxd7 Rxd7 20. Bg4 f5 21. Bxf5 Rxf5 22. exf5 Qf8 23. Nxe5 Rd2 24. Nxc6 bxc6 25. Bc1 Rxa2 26. g4 Qf6 27. Qb7 Qh4 28. Qc8+ Kf7 29. Qe6+ Kf8 30. Bf4 Qxg4+ 31. Bg3 Re2 32. Qxc6 Qxf5 33. Qxa6 Re6 34. Qc4 Re4 35. Qd3 Qg6 36. Qf3+ Bf6 37. Ra1 h5 38. Kf1 h4 39. Ra8+ Kf7 40. Bd6 Qg4 41. Rf8+ Kg6 42. Qd3 Qf5 43. Qd2 Qf3 44. Kg1 h3 45. Rxf6+ gxf6 0-1

[Event "GBR-ch U1900 op 104th"]
[Site "Llandudno"]
[Date "2017.08.02"]
[Round "3"]
[White "Connolly Sams, Dietah"]
[Black "Jones, Neil T"]
[Result "0-1"]
[WhiteElo "1565"]
[BlackElo "1788"]
[PlyCount "120"]
[EventDate "2017.07.31"]
[EventType "swiss"]
[EventRounds "5"]
[EventCountry "WLS"]
[SourceTitle "EXT 2019"]
[Source "ChessBase"]
[SourceDate "2018.10.10"]
[SourceVersion "1"]
[SourceVersionDate "2018.10.10"]
[SourceQuality "1"]

1. d4 d5 2. c4 c6 3. Nf3 Nf6 4. Nc3 a6 5. a4 a5 6. Bf4 Nh5 7. Bg3 Nxg3 8. hxg3 Na6 9. e3 e6 10. Qc2 h6 11. Be2 Nb4 12. Qb3 Be7 13. 0-0 0-0 14. Ne5 Bf6 15. Nd3 dxc4 16. Qxc4 Nxd3 17. Qxd3 b6 18. Ne4 Be7 19. Qc2 Bb7 20. Bf3 Rc8 21. Rfd1 Qc7 22. Rac1 Qb8 23. Qb3 Bb4 24. Nc3 c5 25. Bxb7 Qxb7 26. dxc5 Bxc5 27. Nb5 Qe7 28. Rd3 Rfd8 29. Rcd1 Bb4 30. Rd4 Rxd4 31. Rxd4 Qc5 32. Qd1 Qc1 33. Rd8+ Kh7 34. b3 Rc2 35. Kh2 Qxd1 36. Rxd1 Rxf2 37. Nd6 Rd2 38. Rxd2 Bxd2 39. Nxf7 Bxe3 40. Ne5 Bd4 41. Nc4 Kg6 42. g4 Kf6 43. Kg3 g5 44. Kf3 e5 45. Nd2 Ke6 46. Ke4 Kd6 47. Kf5 Kd5 48. Ne4 Bb2 49. Nd2 Bc1 50. Nc4 e4 51. Nxb6+ Kc5 52. Kxe4 Kxb6 53. Kd4 Kc6 54. Kc4 Bd2 55. Kd4 Bb4 56. Kc4 Kd6 57. Kd4 Ke6 58. Ke4 Bc5 59. Kd3 Kd5 60. Kc3 Ke4 0-1

[Event "GBR-ch U2050 op 104th"]
[Site "Llandudno"]
[Date "2017.08.01"]
[Round "2"]
[White "Horlock, Peter J"]
[Black "Jones, Neil T"]
[Result "0-1"]
[WhiteElo "1622"]
[BlackElo "1788"]
[PlyCount "64"]
[EventDate "2017.07.31"]
[EventType "swiss"]
[EventRounds "5"]
[EventCountry "WLS"]
[SourceTitle "EXT 2019"]
[Source "ChessBase"]
[SourceDate "2018.10.10"]
[SourceVersion "1"]
[SourceVersionDate "2018.10.10"]
[SourceQuality "1"]

1. e4 c5 2. Nf3 d6 3. d4 cxd4 4. Nxd4 Nf6 5. Bd3 a6 6. 0-0 e6 7. Nd2 Be7 8. h3 0-0 9. N2f3 Qc7 10. c4 Nbd7 11. Qe2 b6 12. Nb3 Bb7 13. Be3 Bxe4 14. Bxe4 Nxe4 15. Bxb6 Nxb6 16. Qxe4 Nxc4 17. Rac1 d5 18. Qe2 Qb6 19. Rc2 Bf6 20. Nfd2 Nxd2 21. Qxd2 a5 22. Nc5 Rfd8 23. Rfc1 h6 24. Qe2 Ra7 25. Nd3 Qb8 26. Qg4 Rb7 27. b3 d4 28. Nf4 Qe5 29. Rc5 Qe4 30. f3 Qe3+ 31. Kf1 Bg5 32. Ne2 d3 0-1

[Event "GBR-ch U2050 op 104th"]
[Site "Llandudno"]
[Date "2017.07.31"]
[Round "1"]
[White "Jones, Neil T"]
[Black "Bansal, Rohan"]
[Result "0-1"]
[WhiteElo "1788"]
[BlackElo "1956"]
[PlyCount "64"]
[EventDate "2017.07.31"]
[EventType "swiss"]
[EventRounds "5"]
[EventCountry "WLS"]
[SourceTitle "EXT 2019"]
[Source "ChessBase"]
[SourceDate "2018.10.10"]
[SourceVersion "1"]
[SourceVersionDate "2018.10.10"]
[SourceQuality "1"]

1. e4 e6 2. d4 d5 3. Nd2 Nf6 4. e5 Nfd7 5. Bd3 c5 6. c3 b6 7. Ne2 Ba6 8. Nf3 Bxd3 9. Qxd3 Nc6 10. a3 c4 11. Qc2 Be7 12. h4 b5 13. h5 Nb6 14. Be3 a5 15. Nf4 b4 16. axb4 axb4 17. Ke2 b3 18. Rxa8 Qxa8 19. Qb1 Qb7 20. g4 h6 21. Nxe6 fxe6 22. Qg6+ Kd7 23. Qxg7 Qa8 24. Bxh6 Rg8 25. Qh7 Rxg4 26. Rh4 Rxh4 27. Nxh4 Qa1 28. Ng6 Qxb2+ 29. Bd2 Qa1 30. Nf8+ Kc8 31. Nxe6 b2 32. Qg8+ Kb7 0-1

[Event "GBR-ch U1900 op 104th"]
[Site "Llandudno"]
[Date "2017.07.31"]
[Round "1"]
[White "Quinn, Gerhard"]
[Black "Jones, Neil T"]
[Result "1-0"]
[WhiteElo "1607"]
[BlackElo "1788"]
[PlyCount "129"]
[EventDate "2017.07.31"]
[EventType "swiss"]
[EventRounds "5"]
[EventCountry "WLS"]
[SourceTitle "EXT 2019"]
[Source "ChessBase"]
[SourceDate "2018.10.10"]
[SourceVersion "1"]
[SourceVersionDate "2018.10.10"]
[SourceQuality "1"]

1. d4 Nf6 2. Nf3 c5 3. e3 g6 4. Be2 Bg7 5. 0-0 Qc7 6. c4 0-0 7. b3 d6 8. Bb2 cxd4 9. exd4 b6 10. Nc3 Bb7 11. Re1 Nbd7 12. h3 a6 13. a4 Rfe8 14. Rb1 Rad8 15. Bf1 e5 16. d5 h6 17. Qc2 Nh5 18. Ba3 Nf8 19. Rbc1 f5 20. Be2 Nf4 21. Bf1 Bc8 22. Ne2 Nxe2+ 23. Bxe2 g5 24. Nh2 Nh7 25. b4 Nf6 26. c5 bxc5 27. bxc5 dxc5 28. Qxc5 Qxc5 29. Rxc5 Bf8 30. Rc6 Bxa3 31. Rxf6 Kg7 32. Rc6 Rxd5 33. Bxa6 Bxa6 34. Rxa6 Bc5 35. Nf1 f4 36. Rb1 Red8 37. Rb7+ R8d7 38. Rxd7+ Rxd7 39. Rc6 Bd4 40. Rc2 Rb7 41. a5 Rb1 42. Ra2 Rb2 43. Rxb2 Bxb2 44. a6 Bd4 45. Nd2 Kf6 46. Kf1 Ke6 47. Ke2 Kd5 48. f3 Kc6 49. Kd3 Kb6 50. Ke4 Kxa6 51. Kf5 Kb6 52. Ne4 Kc6 53. Kg6 Bb6 54. Kxh6 Kd5 55. Kxg5 Ke6 56. Kg6 Bd8 57. Nc5+ Kd5 58. Ne4 Bh4 59. Kh5 Be1 60. Kg4 Ke6 61. h4 Bb4 62. h5 Bf8 63. Kg5 Kf7 64. Kf5 Bg7 65. Nf2 1-0

[Event "Harrogate 4NCL op-B 12th"]
[Site "Harrogate"]
[Date "2017.01.07"]
[Round "2"]
[White "Nezis, Anastasios"]
[Black "Jones, Neil T"]
[Result "1/2-1/2"]
[WhiteElo "1904"]
[BlackElo "1788"]
[PlyCount "56"]
[EventDate "2017.01.06"]
[EventType "swiss"]
[EventRounds "5"]
[EventCountry "ENG"]
[SourceTitle "CBM 176 Extra"]
[Source "ChessBase"]
[SourceDate "2017.03.02"]
[SourceVersion "1"]
[SourceVersionDate "2017.03.02"]
[SourceQuality "1"]

1. e4 e5 2. Nf3 Nc6 3. Bc4 Bc5 4. c3 Nf6 5. d3 d6 6. Bb3 a6 7. Nbd2 h6 8. Nf1 Ba7 9. Ne3 Ng4 10. 0-0 0-0 11. h3 Nxe3 12. Bxe3 Be6 13. Bxe6 fxe6 14. Qb3 Qd7 15. Bxa7 Rxa7 16. Rad1 Qf7 17. d4 exd4 18. Nxd4 Nxd4 19. cxd4 c6 20. d5 exd5 21. exd5 Rc8 22. Qb6 Raa8 23. dxc6 Rxc6 24. Qb4 a5 25. Qa4 Raa6 26. Rd4 d5 27. Qd1 Rc5 28. Qd2 Rd6 1/2-1/2

[Event "Harrogate 4NCL op-B 12th"]
[Site "Harrogate"]
[Date "2017.01.06"]
[Round "1"]
[White "Jones, Neil T"]
[Black "Potter, Steven"]
[Result "1-0"]
[WhiteElo "1788"]
[BlackElo "1900"]
[PlyCount "77"]
[EventDate "2017.01.06"]
[EventType "swiss"]
[EventRounds "5"]
[EventCountry "ENG"]
[SourceTitle "CBM 176 Extra"]
[Source "ChessBase"]
[SourceDate "2017.03.02"]
[SourceVersion "1"]
[SourceVersionDate "2017.03.02"]
[SourceQuality "1"]

1. e4 e6 2. d4 b6 3. Nf3 Bb7 4. Bd3 c5 5. c3 Nf6 6. Qe2 Be7 7. 0-0 Nc6 8. dxc5 bxc5 9. Bf4 d5 10. e5 Nd7 11. Nbd2 g5 12. Bg3 h5 13. h3 c4 14. Bc2 Bc5 15. b4 cxb3 16. Nxb3 Bb6 17. Nfd4 h4 18. Bh2 a5 19. a4 Bc7 20. Nxc6 Bxc6 21. Nd4 Bb7 22. Nb5 Bb8 23. c4 dxc4 24. Rfd1 Bd5 25. Be4 Nb6 26. Bxd5 exd5 27. Nd6+ Bxd6 28. exd6+ Kf8 29. Qe5 Rg8 30. Rab1 Nxa4 31. Rb7 f6 32. Qxd5 Rg7 33. d7 Rf7 34. Bc7 Nc3 35. Qc5+ Qe7 36. Bd6 Ne2+ 37. Kh2 g4 38. Bxe7+ Rxe7 39. d8Q+ 1-0

[Event "BCF-ch U160"]
[Site "Coventry"]
[Date "2015.08.06"]
[Round "4"]
[White "Jones, Neil T"]
[Black "Horlock, Peter J"]
[Result "1-0"]
[WhiteElo "156"]
[BlackElo "1600"]
[PlyCount "65"]
[EventDate "2015.08.03"]
[EventType "swiss"]
[EventRounds "5"]
[EventCountry "ENG"]
[SourceTitle "CBM 167 Extra"]
[Source "ChessBase"]
[SourceDate "2015.09.14"]
[SourceVersion "1"]
[SourceVersionDate "2015.09.14"]
[SourceQuality "1"]

1. e4 e5 2. Nf3 Nc6 3. Bb5 d6 4. d4 exd4 5. Nxd4 Bd7 6. Nc3 Nf6 7. 0-0 Be7 8. Re1 0-0 9. Nxc6 bxc6 10. Bc4 Be6 11. Bb3 d5 12. exd5 cxd5 13. Bg5 c6 14. Qf3 Qc7 15. h3 Rae8 16. Rad1 Nd7 17. Bf4 Qc8 18. Ne2 Nc5 19. Nd4 Bd7 20. Rxe7 Nb7 21. Rxe8 Rxe8 22. c4 c5 23. Nb5 Bf5 24. Nxa7 Qe6 25. cxd5 Qa6 26. Nc6 Be4 27. Qc3 h6 28. Bc4 Qa8 29. Qg3 Kh7 30. Bd3 f5 31. Be5 g5 32. Bxe4 fxe4 33. Qg4 1-0

[Event "BCF-ch Week2 PM op"]
[Site "Coventry"]
[Date "2015.08.05"]
[Round "3"]
[White "Pride, Stephen C"]
[Black "Jones, Neil T"]
[Result "0-1"]
[WhiteElo "1655"]
[BlackElo "1870"]
[PlyCount "66"]
[EventDate "2015.08.03"]
[EventType "swiss"]
[EventRounds "5"]
[EventCountry "ENG"]
[SourceTitle "CBM 167 Extra"]
[Source "ChessBase"]
[SourceDate "2015.09.14"]
[SourceVersion "1"]
[SourceVersionDate "2015.09.14"]
[SourceQuality "1"]

1. d4 e6 2. Nf3 Nf6 3. Bg5 d5 4. Nc3 Be7 5. Bxf6 Bxf6 6. e4 g6 7. e5 Bg7 8. Nb1 c5 9. c3 cxd4 10. cxd4 Nc6 11. Be2 0-0 12. 0-0 f6 13. exf6 Bxf6 14. Qd2 Bd7 15. Nc3 Rc8 16. Rfd1 Be8 17. Bf1 Bg7 18. Qe3 Qf6 19. Rac1 h6 20. Ne2 g5 21. Ne5 Rd8 22. Nxc6 Bxc6 23. Nc3 e5 24. dxe5 Qxe5 25. Qxe5 Bxe5 26. f3 Bf4 27. Ra1 Be3+ 28. Kh1 d4 29. Ne4 g4 30. Be2 Rf4 31. Rd3 Rdf8 32. Rad1 gxf3 33. Bxf3 Bxe4 0-1

[Event "BCF-ch U160"]
[Site "Coventry"]
[Date "2015.08.05"]
[Round "3"]
[White "Wright, Jonathan"]
[Black "Jones, Neil T"]
[Result "1-0"]
[WhiteElo "1899"]
[BlackElo "156"]
[PlyCount "99"]
[EventDate "2015.08.03"]
[EventType "swiss"]
[EventRounds "5"]
[EventCountry "ENG"]
[SourceTitle "CBM 167 Extra"]
[Source "ChessBase"]
[SourceDate "2015.09.14"]
[SourceVersion "1"]
[SourceVersionDate "2015.09.14"]
[SourceQuality "1"]

1. e4 e5 2. Nf3 Nc6 3. Bb5 a6 4. Ba4 Nf6 5. 0-0 b5 6. Bb3 Be7 7. Re1 0-0 8. a4 Bb7 9. axb5 axb5 10. Rxa8 Bxa8 11. c3 d6 12. d4 Qb8 13. d5 Na5 14. Nbd2 Nxb3 15. Nxb3 c6 16. dxc6 Bxc6 17. Bg5 Rd8 18. Nh4 d5 19. Nf5 Qc7 20. Na5 Ba8 21. Qb3 dxe4 22. Qxb5 Bf8 23. Ra1 Bd5 24. Ne3 Be6 25. Qc6 Qb8 26. Nac4 Qb3 27. Bxf6 gxf6 28. Qb6 Qxb6 29. Nxb6 Bc5 30. Nbc4 f5 31. b4 f4 32. bxc5 fxe3 33. Nxe3 Rc8 34. Ra5 Rb8 35. h3 Rb3 36. c4 Rb8 37. Nd5 Kf8 38. c6 Rc8 39. Rc5 Bxd5 40. cxd5 Ke7 41. Rb5 Kd6 42. Kf1 f5 43. f3 exf3 44. gxf3 f4 45. Ke2 Ra8 46. Kd3 Ra4 47. Kc3 e4 48. fxe4 Rxe4 49. Kd3 Ra4 50. Rb7 1-0

[Event "BCF-ch Weekender Atkins"]
[Site "Torquay"]
[Date "2013.08.04"]
[Round "5.8"]
[White "Jones, Neil T"]
[Black "Abbott, Mark V"]
[Result "1/2-1/2"]
[WhiteElo "154"]
[BlackElo "1956"]
[PlyCount "129"]
[EventDate "2013.08.02"]
[EventType "swiss"]
[EventRounds "5"]
[EventCountry "ENG"]
[SourceTitle "EXT 2023"]
[Source "ChessBase"]
[SourceDate "2022.10.05"]
[SourceVersion "1"]
[SourceVersionDate "2022.10.05"]
[SourceQuality "1"]

1. c4 g6 2. Nc3 Bg7 3. d4 c5 4. Nf3 cxd4 5. Nxd4 Nc6 6. Nxc6 bxc6 7. e4 d6 8. Be2 Nf6 9. 0-0 0-0 10. Be3 Rb8 11. Qd2 Qc7 12. f3 Be6 13. Rac1 Nd7 14. b3 Rfd8 15. Nd5 Bxd5 16. cxd5 c5 17. Rc2 Qb6 18. Rfc1 a5 19. f4 Qb4 20. Qxb4 axb4 21. Bd3 Nf6 22. h3 Rb7 23. Re2 Ra8 24. Bb1 Ne8 25. e5 Rba7 26. exd6 exd6 27. Bf2 Nc7 28. Rd1 Nb5 29. Be1 Kf8 30. Kf1 Bc3 31. Bf2 Re8 32. Rxe8+ Kxe8 33. Bd3 Nc7 34. Bb1 Kd7 35. g4 Ra8 36. Rd3 Nb5 37. Rd1 Bd4 38. Be1 Re8 39. f5 Rb8 40. fxg6 hxg6 41. Bd3 Nc7 42. Bc4 Re8 43. Bxb4 Re3 44. Bd2 Rxh3 45. Kg2 Rh8 46. Re1 Be5 47. Rh1 Ra8 48. a4 Ne8 49. Bb5+ Ke7 50. Bg5+ Kf8 51. Bh6+ Kg8 52. Bd2 Nf6 53. g5 Ne4 54. Be3 Nc3 55. Bc4 Rb8 56. Kf3 Kg7 57. Bd2 Na2 58. a5 Nb4 59. Bxb4 cxb4 60. a6 Bd4 61. Re1 Be5 62. Re4 f5 63. gxf6+ Kxf6 64. Rg4 g5 65. Rg2 1/2-1/2